Countries on the same Latitude as Budapest - Statistics

General Stats
  • This quiz has been taken 18 times
  • The average score is 13 of 15
Answer Stats
Countries % Correct
Austria
100%
China
100%
France
100%
Mongolia
94%
Romania
94%
Russia
94%
Switzerland
94%
Ukraine
94%
United States
88%
Kazakhstan
82%
Liechtenstein
82%
Moldova
82%
Slovakia
82%
Germany
76%
Canada
65%
No matching quizzes found
Score Distribution
Percent of People with Each Score
Percentile by Number Answered
Your Score History
You have not taken this quiz